1648 1881 1439 1771 1857 1169 1610 1983 1839 1737 1398 1276 1845 1457 1377 1491 1244 1209 1382 1848 1258 1031 1452 1880 1330 1964 1161 1865 1090 1894 1670 1492 1756 1597 1681 1378 1462 1808 1423 1203 1305 1482 1407 1472 1669 1965 1750 1251 1158 1643 1293 1779 1430 1668 1274 1607 1039 1045 1435 1945 1884 1442 1366 1138 1542 1363 1802 1590 1729 1085 1130 1583 1781 1617 1145 1320 1470 1662 1456 1360 1581 1834 1865 1615 1682 1596 1392 1982 1807 1387 1159 1981 1469 1465 1442 1924 1548 1405 1181 BCNSPRNW ULIB Ver.6.0+V

เปลี่ยนเป็นภาษาไทย

Change to English
 แสดงรายละเอียดบรรณานุกรม
  กลับหน้าหลัก

Brief Record : Get Marc (ISO 2709) : E-mail record : QR code < ปิดหน้าต่าง
LEADER : 00000nam 2200000uu 4500
001    13399111389
003     ULIB
008    110623s2011||||th 000 0 eng d
020    9780763785864 (pbk.)
020    0763785865 (pbk.)
060  4 WY105^bP964 2011
245 00 Project planning and management :^ba guide for CNLs, DNPs,and nurse executives /^cedited by James L. Harris ... [et al.].
260    Sudbury, MA :^bJones & Bartlett Learning,^c2011.
300    xxi, 306 p. :^bill. ;^c23 cm.
504    Includes bibliographical references and index.
505 0  From project planning to program management / James L.Harris and Linda Roussel -- Foundations of project planning and program management / Sandra E. Walters -- Requisite competencies and skills for effective project planning and program management / Mark Balch ... [et al.] -- Team power and synergy : project planning and program management essentials / Sandra E. Walters -- Planning a project for implementation / Catherine Dearman and Debra Davis -- The clinical needs assessment : foundations for clinical application / James L. Harris, Linda Roussel, andCatherine Dearman -- Implementing a project / Murielle S. Beene -- The role of information technology and the enterprise in project planning and implementation / James L. Harris ... [et al.] -- Developing metrics that support projects and programs / Mary Geary and Clista Clanton -- Measuring the value of projects within organizations / Michael R. Bleich -- Evaluating project outcomes / Patricia L. Thomas -- Disseminating results as a mechanismfor sustaining innovation / Anna C. Alt-White and Maryann F. Pranulis -- Voices from the field : executive nurse administration, clinical nurse leader, and doctor of nursing practice student assignment examples, information from professors, and student exemplars / Linda Roussel, Catherine Dearman, and Lonnie K. Williams -- Voices from the field : best project plans from practice / Catherine Dearman, Linda Roussel, and Lonnie K. Williams.
520 1  "Project Planning and Management: A Guide for CNLs, DNPs,and Nurse Executives provides a step-by-step approach to developing, implementing, and evaluating a project plan. This book serves as a guide to refining the idea or question, reviewing relevant evidence to support a best practice intervention, and outlining process dynamics, outcomes management, and evaluation strategies. Features throughout the text include chapter objectives, key terms,summaries, evidence-based examples, boxed articles, case studies, and review questions, as well as PowerPoint presentations and exam questions. This is the perfect resource for capstone courses and field studies as well asan ideal reference for professionals"--BOOK JACKET.
650  0 Nursing services^xAdministration.
650  0 Project management.
700 1  Harris, James L.^q(James Leonard),^d1956-,^eed.
945    ^p0^l0^i030165
999 ^a ใช้งานได้ทุกระบบ
รายการนี้ยังไม่มีแท็ก
คุณยังไม่ได้ล็อกอิน คุณสามารถมีกิจกรรมร่วมกับเว็บไซต์ได้ แต่ต้องล็อกอินก่อน ::
  ล็อกอิน

รายการสื่อสารสนเทศ

ลำดับที่ ประเภท เลขเรียก/บาร์โค้ด สถานที่ สถานะ
- ไม่พบข้อมูล -

BibComment


ยังไม่เคยถูกคอมเมนท์

คอมเมนท์ทรัพยากรรายการนี้
  คอมเมนท์: Project planning ..


 Copyright 2026. Bcnsprnw @Library